| 000 | 00684nam a2200265Ia 4500 | ||
|---|---|---|---|
| 008 | 170203s9999 xx 000 0 und d | ||
| 020 | _a0-140374248 | ||
| 050 | _aFic | ||
| 050 | _b.D131j 1961 | ||
| 100 | _aDahl, Roald | ||
| 245 | _aJames and the giant peach : | ||
| 245 | _b a children's story / | ||
| 245 | _c Roald Dahl ; illustrated by Nancy Ekholm Burkert. | ||
| 260 | _aUSA : | ||
| 260 | _bPenguin Group | ||
| 260 | _c1961 | ||
| 300 | _a126 pages; | ||
| 300 | _billustrations (some color) ; | ||
| 300 | _c 26 cm | ||
| 650 | _aFairy tales. | ||
| 650 | _aJuvenile fiction. | ||
| 650 | _aJuvenile fiction. | ||
| 650 | _xInsects -- | ||
| 650 | _xPeach -- | ||
| 999 |
_c306125 _d306125 |
||